000 01125cam a22003014a 4500
001 14192459
003 OSt
005 20231229141436.0
008 051207s2007 njua 001 0 eng
010 _a 2005035717
020 _a9788131717486
020 _a0131700693
035 _a(OCoLC)ocm62533895
040 _aDLC
_cDLC
_dYDX
_dBAKER
_dVP@
_dDLC
042 _apcc
050 0 0 _aTX911.3.M27
_bP82 2007
082 0 0 _a647.94068
_222
_bWOO/P
245 0 0 _aProfessional front office management /
_cRobert H. Woods ... [et al.].
260 _aUpper Saddle River, N.J. :
_bPearson/Prentice Hall,
_cc2007.
300 _axxvii, 676 p. :
_bill. ;
_c27 cm.
500 _aIncludes index.
650 0 _aHotel management.
700 1 _aWoods, Robert H.
_99297
856 4 1 _3Table of contents only
_uhttp://www.loc.gov/catdir/toc/ecip064/2005035717.html
906 _a7
_bcbc
_corignew
_d1
_eecip
_f20
_gy-gencatlg
942 _2ddc
_cBK
_h647.94068
_iWOO/P
_k647.94068
_mWOO/P
999 _c41811
_d41811